The Circular Economy as a Driver to Sustainable Businesses in Slovakia

Podstata obehového hospodárstva - recyklácia a opätovné použitie materiálov a produktov a tým pádom minimalizácia množstva vznikajúceho odpadu. Snaha o zvýšenie povedomia o téme obehového hospodárstva v podmienkach Slovenskej republiky.

Guardado en:
Detalles Bibliográficos
Autor principal: Repiská, Radka, 1996-
Formato: Capítulo de libro
Lenguaje:inglés
Materias:
Etiquetas: Agregar Etiqueta
Sin Etiquetas, Sea el primero en etiquetar este registro!

MARC

LEADER 00000naa$a2200000$$$4500
001 0289985
005 20240502083934.2
041 0 |a eng 
044 |a CZ 
245 1 0 |a The Circular Economy as a Driver to Sustainable Businesses in Slovakia  |c Radka Repiská 
520 |a Podstata obehového hospodárstva - recyklácia a opätovné použitie materiálov a produktov a tým pádom minimalizácia množstva vznikajúceho odpadu. Snaha o zvýšenie povedomia o téme obehového hospodárstva v podmienkach Slovenskej republiky. 
610 2 0 |a hospodárstvo obehové 
610 2 0 |a hospodárstvo odpadové 
610 2 0 |a rozvoj trvalo udržateľný 
610 2 0 |a podnikanie 
610 2 0 |a Slovensko 
100 1 |a Repiská, Radka, 1996-